000 01106cam a2200301 a 4500
999 _c332151
_d332151
001 2598866
003 NUST
005 20171115121646.0
008 970922s1999 njua b 001 0 eng
010 _a 97031971
020 _a0136248349
040 _aDLC
_cDLC
_dDLC
050 0 0 _aTD883
_b.H454 1999
082 0 0 _a628.53 HEI
_221
100 1 _aHeinsohn, Robert Jennings.
_96395
245 1 0 _aSources and control of air pollution /
_cRobert Jennings Heinsohn, Robert Lynn Kabel.
246 3 0 _aAir pollution
260 _aUpper Saddle River, N.J. :
_bPrentice Hall,
_cc1999.
300 _axv, 696 p. :
_bill. ;
_c26 cm.
500 _aH.B
504 _aIncludes bibliographical references and index.
650 0 _aAir
_xPollution.
_92261
650 0 _aAir
_xPurification.
_96396
700 1 _aKabel, Robert Lynn.
_96397
906 _a7
_bcbc
_corignew
_d1
_eocip
_f19
_gy-gencatlg
942 _2ddc
_cBK
_kIESE